000 00332 a2200133 4500
003 OSt
005 20180116182707.0
008 160518b xxu||||| |||| 00| 0 eng d
040 _c0
100 _aRichard Symond
245 _aThe Making of Pakistan.
260 _aIslamic Book Service Lahore
_c1998
942 _aNBS
_cBK
_k954 SYM
_2ddc
999 _c344213
_d344213